Political science of modern Kazakhstan - notices to development of Kazakhstan political thinking
Zakladatelia kazašskej politickej vedy. Prehľad názorov na vývoj kazašskej národnej politiky. Etické problémy, byrokracia, a slabá koordinácia vývoja politických vied v Kazachstane. Stratégia Kazachstan 2050 a idea euraziatizmu.
Uložené v:
| Hlavný autor: | |
|---|---|
| Médium: | Kapitola |
| Jazyk: | English |
| Predmet: | |
| Tagy: |
Žiadne tagy, Buďte prvý, kto otaguje tento záznam!
|
MARC
| LEADER | 00000naa a2200000 4500 | ||
|---|---|---|---|
| 001 | 0220152 | ||
| 005 | 20221019163851.7 | ||
| 041 | 0 | |a eng | |
| 044 | |a SK | ||
| 245 | 1 | 0 | |a Political science of modern Kazakhstan - notices to development of Kazakhstan political thinking |c Peter Juza |
| 520 | |a Zakladatelia kazašskej politickej vedy. Prehľad názorov na vývoj kazašskej národnej politiky. Etické problémy, byrokracia, a slabá koordinácia vývoja politických vied v Kazachstane. Stratégia Kazachstan 2050 a idea euraziatizmu. | ||
| 610 | 2 | 0 | |a Kazachstan |
| 610 | 2 | 0 | |a vývoj politický |
| 610 | 2 | 0 | |a teórie politické |
| 100 | 1 | |a Juza, Peter | |